000
00307nam a22001217a 4500
999
_c
153891
_d
153891
082
_a
_b
100
_a
Hans Raj Shan
245
_a
Identification and development of creativity/
_c
by Hans Raj Shan
260
_a
New Delhi:
_b
Commonwealth Publishers,
_c
1993.
300
_a
334p.
650
_a
942
_c
BK